[Event "VEN-ch U20 Girls"]
[Site "Merida"]
[Date "2013.04.??"]
[Round "7"]
[White "Villarreal Luzardo, Elibet"]
[Black "Otero Otero, Gabriela Andreina"]
[Result "1/2-1/2"]
[WhiteElo "1252"]
[BlackElo "1198"]
[PlyCount "24"]
[EventDate "2013.04.23"]
[EventType "swiss"]
[EventRounds "7"]
[EventCountry "VEN"]
[SourceTitle "EXT 2015"]
[Source "ChessBase"]
[SourceDate "2014.11.20"]
[SourceVersion "1"]
[SourceVersionDate "2014.11.20"]
[SourceQuality "1"]

1. e4 e5 2. Nf3 Nc6 3. d4 exd4 4. Nxd4 Bc5 5. Be3 Qf6 6. c3 d6 7. Be2 Bxd4 8. Bxd4 Nxd4 9. Qxd4 Qxd4 10. cxd4 Nf6 11. Nc3 0-0 12. 0-0 Re8 1/2-1/2